Experimental investigation of hemispheric involvement in field articulation and scanning mechanisms (Record no. 13915)

MARC details
000 -LEADER
fixed length control field 00702nam a2200217Ia 4500
082 ## - DEWEY DECIMAL CLASSIFICATION NUMBER
Classification number TS.0006
100 ## - MAIN ENTRY--AUTHOR NAME
Personal name Santhakumari, K.
245 #0 - TITLE STATEMENT
Title Experimental investigation of hemispheric involvement in field articulation and scanning mechanisms
260 ## - PUBLICATION, DISTRIBUTION, ETC. (IMPRINT)
Year of publication 1986
Name of publisher Indian Institute of Technology, Kanpur
300 ## - PHYSICAL DESCRIPTION
Number of Pages 165p.
650 ## - SUBJECT ADDED ENTRY--TOPICAL TERM
Topical Term BISECTED BRAIN//SPLIT BRAIN
650 ## - SUBJECT ADDED ENTRY--TOPICAL TERM
Topical Term BRAIN BISECTION//SPLIT BRAIN
650 ## - SUBJECT ADDED ENTRY--TOPICAL TERM
Topical Term SCANNING SYSTEMS
650 ## - SUBJECT ADDED ENTRY--TOPICAL TERM
Topical Term NEUROPSYCHOLOGY
650 ## - SUBJECT ADDED ENTRY--TOPICAL TERM
Topical Term PSYCHOLOGY, PHYSIOLOGICAL///NEUROPSYCHOLOGY
650 ## - SUBJECT ADDED ENTRY--TOPICAL TERM
Topical Term SPLIT BRAIN
650 ## - SUBJECT ADDED ENTRY--TOPICAL TERM
Topical Term BRAIN///NEUROPSYCHOLOGY
650 ## - SUBJECT ADDED ENTRY--TOPICAL TERM
Topical Term BRAIN - SURGERY///SPLIT BRAIN
710 ## - ADDED ENTRY--CORPORATE NAME
Corporate name or jurisdiction name as entry element Sharma, Narendra Kumar
942 ## - ADDED ENTRY ELEMENTS (KOHA)
Koha item type Thesis
Source of classification or shelving scheme Dewey Decimal Classification
Holdings
Withdrawn status Lost status Damaged status Not for loan Home library Current library Date acquired Bill Date Full call number Accession Number Price effective from Koha item type
        NASSDOC Library NASSDOC Library 08/10/2004 2004-10-22 TS.0006 27128 18/04/2019 Thesis